[Event "Hessen-ch U17 Open"]
[Site "Bad Homburg"]
[Date "2013.??.??"]
[Round "6"]
[White "Fassmann, Tim"]
[Black "Boelter, Tom"]
[Result "0-1"]
[WhiteElo "892"]
[BlackElo "882"]
[PlyCount "140"]
[EventDate "2013.03.??"]
[EventType "swiss"]
[EventRounds "7"]
[EventCountry "GER"]
[SourceTitle "EXT 2014"]
[Source "ChessBase"]
[SourceDate "2013.11.20"]
[SourceVersion "1"]
[SourceVersionDate "2013.11.20"]
[SourceQuality "1"]

1. e4 e5 2. Nf3 Nc6 3. Bb5 a6 4. Bxc6 dxc6 5. Nxe5 Qd4 6. Nf3 Qxe4+ 7. Qe2 Qxe2+ 8. Kxe2 Bg4 9. Ke1 Bxf3 10. gxf3 Nf6 11. Nc3 Bd6 12. d4 0-0 13. Rg1 Bxh2 14. Rg2 Bd6 15. Bh6 Ne8 16. Ke2 Kh8 17. Bg5 f6 18. Bh4 g5 19. Bg3 Ng7 20. Bxd6 cxd6 21. Rag1 h5 22. f4 g4 23. Kd1 f5 24. Na4 b5 25. Nb6 Rad8 26. d5 c5 27. a4 b4 28. b3 Rfe8 29. Nc4 Re4 30. Re1 Rxe1+ 31. Kxe1 Rd7 32. Kd2 Ne8 33. Rg1 Kg7 34. Re1 Kf8 35. Nb6 Rh7 36. Nc8 h4 37. Rxe8+ Kxe8 38. Nxd6+ Kd7 39. Nxf5 h3 40. Ng3 h2 41. c3 a5 42. cxb4 axb4 43. Ke3 Rh3 44. Ke4 Rxg3 45. fxg3 h1Q+ 46. Ke5 Qh5+ 47. f5 Qe8+ 48. Kf4 Kd6 49. f6 Qe5+ 50. Kxg4 Qxf6 51. a5 Qa1 52. a6 Qxa6 53. Kh3 Kxd5 54. g4 c4 55. Kh4 c3 56. g5 c2 57. Kh5 c1Q 58. g6 Qxg6+ 59. Kxg6 Qc2+ 60. Kf6 Qxb3 61. Kg6 Qf3 62. Kg7 Qf5 63. Kh6 Qg4 64. Kh7 Qg5 65. Kh8 b3 66. Kh7 b2 67. Kh8 Ke6 68. Kh7 b1Q+ 69. Kh8 Qb8+ 70. Kh7 Qbg8# 0-1

[Event "Hessen-ch U12"]
[Site "Bad Homburg"]
[Date "2012.??.??"]
[Round "8"]
[White "Fassmann, Tim"]
[Black "Scheithauer, Dominik"]
[Result "1/2-1/2"]
[WhiteElo "856"]
[BlackElo "780"]
[PlyCount "57"]
[EventDate "2012.04.??"]
[EventType "swiss"]
[EventRounds "9"]
[EventCountry "GER"]
[SourceTitle "EXT 2015"]
[Source "ChessBase"]
[SourceDate "2014.11.20"]
[SourceVersion "1"]
[SourceVersionDate "2014.11.20"]
[SourceQuality "1"]

1. e4 e5 2. Nf3 Nc6 3. Bb5 d6 4. h3 Nf6 5. Nc3 a6 6. Ba4 b5 7. Bb3 Be6 8. Bxe6 fxe6 9. d3 Be7 10. 0-0 0-0 11. Be3 h6 12. Re1 d5 13. exd5 exd5 14. d4 e4 15. Ne5 Qd6 16. Nxc6 Qxc6 17. Bf4 Bd6 18. Be5 Nd7 19. Bxd6 Qxd6 20. Qh5 c6 21. a4 Nf6 22. Qe5 Qxe5 23. dxe5 Nd7 24. axb5 axb5 25. Rxa8 Rxa8 26. e6 Nf6 27. f3 Re8 28. fxe4 dxe4 29. Nxe4 1/2-1/2